000
00278nam a2200121Ia 4500
008
190216s9999||||xx |||||||||||||| ||und||
100
_a
Richar I Levin
245
0
_a
Statistics For Management
260
_b
Kalyani Pub
_c
1979
300
_a
568p
650
_a
Commerce
942
_c
BK
999
_c
4865
_d
4865